Paper Mario Color Splash Enemies by Picture - Statistics

General Stats
  • This quiz has been taken 31 times
    26 since last reset
  • The average score is 26 of 33
Answer Stats
Picture Hint Answer % Correct
Goomba
95%
Koopa Troopa
95%
Paratroopa
89%
Snifit
89%
Kind of an enemy Yoshi
89%
Black Paint Bowser
84%
Boo
84%
Cheep Cheep
84%
Kamek
84%
Larry
84%
Lemmy
84%
Ludwig
84%
Morton
84%
Shy Guy
84%
Spike
84%
Wendy
84%
Blooper
79%
Boomerang Bro
79%
Dry Bones
79%
Fire Bro
79%
Fuzzy
79%
Hammer Bro
79%
Ice Bro
79%
Iggy
79%
Lava Bubble
79%
Spiny
79%
Bob-Omb
68%
Buzzy Beetle
68%
Chain Chomp
63%
Swoop
63%
Shady Sledge Bro
53%
Spike Top
47%
Black Lava Bubble
37%
No matching quizzes found
Score Distribution
Percent of People with Each Score
Percentile by Number Answered
Your Score History
You have not taken this quiz since the last reset